000
00306nam a22001337a 4500
020
_a
9781848311817
082
_a
306
_b
SAR
100
_a
Sardar,Ziauddin
245
_a
Introducing cultural studies, a graphic guide
260
_a
UK:
_c
2013.
300
_a
173p. :
563
_a
PB
942
_2
ddc
_c
BK
999
_c
614614
_d
614614